000 00672nam a2200229 a 4500
001 BRCA_6587
005 20190320205520.0
008 021011s1963----u--a######---#000-0#eng-#
041 _aeng
044 _au
050 4 _aND665
_b.C65 7 1963
100 1 _aDelevoy, Robert L.
_916435
245 1 0 _aEarly Flemish Painting
_cby Robert L. Delevoy.
260 _aE. U. A.
_bMcGraw-Hill
_cc1963
300 _a47 p.
_bil.
_c25 cm.
_e24 diapositivas.
440 0 _aColor Slide Program of the World´s Art
_v7
_916436
500 _aDonación Dra. Elsa Barberena
650 1 4 _aPintura flamenca
_916437
650 1 4 _aPintura
_xDiapositivas
_916438
902 _aDEB
942 _2lcc
_cB
999 _c6271
_d6271